Responses for Show #7622 - Tuesday, October 31, 2017

Contestants

[<< previous game]

Byron Merrill, a network engineer from Lincoln, Nebraska

Patrick Theobald, a product manager from Nashville, Tennessee

Anand Kandaswamy, an economist from Washington, D.C. (whose 2-day cash winnings total $35,001)

[next game >>]

Jeopardy! Round responses

WHAT HAPPENED WHEN?
BUSINESS PAIRINGS
FACTS & FIGURES
VOLCANOES
FOREWORDS
AFTER WORDS
    $200 16
NAFTA

Byron
    $200 3
Abercrombie

Patrick
    $200 6
Mormon

Patrick
    $200 26
Mount Fuji

Anand
    $200 11
The Daily Show

Patrick
    $200 21
(Patrick: What are previews?)

coming attractions

PatrickByron
    $400 17
Hurricane Sandy

Patrick
    $400 1
Gabbana

Patrick
    $400 7
the intestine

Byron
    $400 27
Mount St. Helens

Anand
    $400 12
Calvin and Hobbes

Anand
    $400 22
après

Patrick
    $1,800 18
Pluto

Patrick
    $600 2
Rossi

Byron
    $600 8
an earthquake

Patrick
    $600 28
Costa Rica

Patrick
    $600 13
(Patrick: What is The Dark Knight?)

Brokeback Mountain

AnandPatrick
    $600 23
soon

Triple Stumper
    $800 19
Mary, Queen of Scots

Byron
    $800 4
Wesson

Patrick
    $800 9
GoFundMe

Patrick
    $800 29
Vesuvius

Anand
    $800 14
(Patrick: Who is Benny Goodman?)

Frank Sinatra

AnandPatrick
    $800 24
post hoc

Triple Stumper
    $1000 20
(Anand: Who is Marie-Therese?)

Marie-Louise

Anand
Triple Stumper
    $1000 5
Dean

Triple Stumper
    $1000 10
the Great Barrier Reef

Byron
    $1000 30
Luzon

Patrick
    $1000 15
Jeff Bezos

Anand
    $1000 25
(Alex: Less than a minute now.)

succeed

Triple Stumper

Scores at the first commercial break (after clue 15):

Anand Patrick Byron
$2,800 $1,800 $2,000

Scores at the end of the Jeopardy! Round:

Anand Patrick Byron
$3,200 $5,800 $3,200

Double Jeopardy! Round responses

GREAT BOOKS OF SCIENCE
CUBAN FOOD & DRINK
ART
WORD TO THE Y_Ys
FILMS OF THE 1960s
NOBEL PEACE PRIZE NOMINEES
(Alex: Not winners.)
    $400 24
the Beagle

Anand
    $400 18
plantains

Byron
    $400 10
(Alex: Rodin.)

The Thinker

Anand
    $400 13
yearly

Byron
    $400 3
the Olympics

Byron
    $400 23
(Alex: Less than a minute now.)

Helen Keller

Byron
    $800 28
[The end-of-round signal sounds.]

Galileo

Anand
    $800 19
a Cuba libre

Triple Stumper
    $800 6
Homer

Anand
    $800 14
yucky

Byron
    $800 1
[Anand selected the first clue.]

Easy Rider

Anand
    $800 11
Montessori

Anand
    $1200 27
Aristotle

Anand
    $1200 20
a mojito

Anand
    $3,200 7
Andy Warhol

Anand
    $1200 15
yippee-ki-yay

Patrick
    $1200 2
Jungle Book

Byron
    $1200 12
Esperanto

Patrick
    $1600 26
gene

Anand
    $1600 8
The Laughing Cavalier

Triple Stumper
    $1600 16
yeasty

Patrick
    $1600 4
To Sir, With Love

Triple Stumper
    $2,600 21
(Lord Baden-)Powell

Anand
    $2000 25
Gaea

Anand
    $2000 9
Henry Moore

Triple Stumper
    $2000 17
(Alex: The play is called Born [*]. [*] is the word.)

yesterday

Triple Stumper
    $2000 5
Ocean's 11

Anand
    $2000 22
(Patrick: Who is Yo-Yo Ma?)

Pablo Casals

Patrick
Triple Stumper

Scores at the end of the Double Jeopardy! Round:

Anand Patrick Byron
$21,000 $7,800 $6,800
(lock game)

[wagering suggestions for these scores]

Final Jeopardy! Round responses

LETTER PERFECT
(Alex: [To Byron] George Eastman started Kodak. You are right. [*] is a funny letter.)
ByronWhat is K?
$1,001
PatrickWhat is K Hi kids!
$7,000
AnandWhat is K
$1,000
K

Final scores:

Anand Patrick Byron
$22,000 $14,800 $7,801
3-day champion: $57,001 2nd place: $2,000 3rd place: $1,000

Game dynamics:

Coryat scores:

Anand Patrick Byron
$18,000 $6,600 $6,800
20 R
(including 2 DDs),
1 W
15 R
(including 1 DD),
4 W
12 R,
0 W

Combined Coryat: $31,400

[game clues] [game scores] [suggest correction]

Game tape date: 2017-08-08
The J! Archive is created by fans, for fans. Scraping, republication, monetization, and malicious use prohibited; this site may use cookies and collect identifying information. See terms. The Jeopardy! game show and all elements thereof, including but not limited to copyright and trademark thereto, are the property of Jeopardy Productions, Inc. and are protected under law. This website is not affiliated with, sponsored by, or operated by Jeopardy Productions, Inc. Join the discussion at JBoard.tv.